000
00303nam a2200121Ia 4500
008
151021s9999 xx 000 0 und d
020
_a
440170370
245
_a
_Player Piano Kurt Vonnegut
260
_a
Newyork Dell 1952
300
_a
295p.
650
_a
_Novel
980
_a
^d20130221 12:19:18^oanne
999
_c
12890
_d
12890